| Tag |
First Indicator |
Second Indicator |
Subfields |
| LEADER |
00000pam a2200000 a 4500 |
| 001 |
in00000089357 |
| 005 |
20151008063420.0 |
| 008 |
810226s1981 nyua 00010 eng |
| 010 |
|
|
|a 81001914
|
| 020 |
|
|
|a 0865790124
|
| 020 |
|
|
|a 0394518071 (Grove Press) :
|c $14.95
|
| 020 |
|
|
|a 0394178092 (Grove Press : pbk.) :
|c $6.95
|
| 035 |
|
|
|a (OCoLC)07275361
|
| 035 |
|
|
|9 AAK2184AM
|
| 040 |
|
|
|a DLC
|c DLC
|d TXA
|d UtOrBLW
|
| 041 |
1 |
|
|a eng
|a spa
|
| 049 |
|
|
|a TXAM
|c [932986]
|
| 050 |
0 |
0 |
|a PQ7297.P285
|b M613
|
| 082 |
0 |
|
|a 864
|2 19
|
| 100 |
1 |
|
|a Paz, Octavio,
|d 1914-1998.
|
| 240 |
1 |
0 |
|a Mono gramático.
|l English
|
| 245 |
1 |
4 |
|a The monkey grammarian /
|c Octavio Paz ; translated from the Spanish by Helen R. Lane.
|
| 250 |
|
|
|a 1st ed.
|
| 264 |
|
1 |
|a New York :
|b Seaver Books ;
|c 1981.
|
| 264 |
|
2 |
|a New York :
|b Distributed by Grove Press,
|
| 300 |
|
|
|a 162 pages :
|b illustrations ;
|c 22 cm.
|
| 336 |
|
|
|a text
|b txt
|2 rdacontent
|
| 337 |
|
|
|a unmediated
|b n
|2 rdamedia
|
| 338 |
|
|
|a volume
|b nc
|2 rdacarrier
|
| 500 |
|
|
|a Translation of: El mono gramatico.
|
| 999 |
|
|
|a MARS
|
| 999 |
f |
f |
|s 71a18a89-80d8-3886-a83c-e11e21504dc8
|i 2215013f-75a1-315f-abee-62a719cb780b
|t 0
|
| 952 |
f |
f |
|p normal
|a Texas A&M University
|b College Station
|c Sterling C. Evans Library
|d Evans: Library Stacks
|t 0
|e PQ7297.P285 M613
|h Library of Congress classification
|i unmediated -- volume
|m A14813074950
|
| 998 |
f |
f |
|a PQ7297.P285 M613
|t 0
|l Evans: Library Stacks
|